| 000 | 01164nam a2200289 i 4500 | ||
|---|---|---|---|
| 003 | EG-ScBUE | ||
| 005 | 20240307150909.0 | ||
| 008 | 220731s2008 aj f b 000 0 ara d | ||
| 020 | _a9789952343359 | ||
| 040 |
_aEG-ScBUE _erda _bara _cEG-ScBUE _dEG-ScBUE |
||
| 043 | _af-aj--- | ||
| 082 | 0 | 4 |
_222 _a947.54 _bر ح ي |
| 100 | 1 |
_aرحيموف، إميل، _eمؤلف. |
|
| 245 | 1 | 0 |
_aأذربيجان ومئوية التأسيس (1918-2018) : _bالجمهورية الديمقراطية الأولى في الشرق الإسلامي / _cد. إميل رحيموف. |
| 250 | _aالطبعة الثانية. | ||
| 264 | 1 |
_a[باكو] : _bوزارة الشؤون الخارجية لجمهورية أذربيجان، _c2018. |
|
| 300 |
_a143 صفحة ؛ _c24 سم |
||
| 336 |
_2rdacontent _aنص _btxt |
||
| 337 |
_2rdamedia _aبدون وسيط _bn |
||
| 338 |
_2rdacarrier _aمجلد _bnc |
||
| 504 | _aيشتمل على إرجاعات ببليوجرافية. | ||
| 541 |
_cإهداء ؛ _aسفارة أذربيجان. |
||
| 651 | 7 |
_aأذربيجان (إيران) _xتاريخ. _2مؤلف. |
|
| 653 |
_cMarch2024 _bGGEN |
||
| 655 | _vReading book | ||
| 942 | _2ddc | ||
| 999 |
_c30715 _d30686 |
||